000 02052cam a2200445 a 4500
001 57730
005 20230411085648.0
008 920901s1991 sp bc s001 0 spa
010 _a 92208673
035 _a(OCoLC)ocm26710717
040 _aDLC
_cDLC
_dPBR
_dOCLCQ
_dDIBAM
020 _a8400072073
020 _a9788400072070
029 1 _aNLGGC
_b149950497
035 _a(OCoLC)26710717
043 _as-ec---
_as-ck---
050 1 4 _aZ1778
_bO77c 1991
092 _a986.102
_bO77c
049 _aGRAL
100 1 _aOrtiz de la Tabla Ducasse, Javier.
245 1 0 _aCartas de cabildos hispanoamericanos.
_pAudiencia de Quito (siglos XVI-XIX) /
_cedición e introducción, Javier Ortiz de la Tabla Ducasse, Montserrat Fernández Martínez, Agueda Rivera Garrido ; colaboran también en este volumen, Angeles Flores Moscoso ... [et al.].
260 _aSevilla :
_bConsejo Superior de Investigaciones Científicas, Escuela de Estudios Hispano-Americanos de Sevilla :
_bAsesoría Quinto Centenario, Consejería de Cultura y Medio Ambiente, Junta de Andalucía,
_c1991.
300 _axx, 506 p. ;
_c24 cm.
490 1 _aPublicaciones de la Escuela de Estudios Hispano-Americanos de Sevilla ;
_vno. general 360
500 _aIncludes indexes.
651 0 _aEcuador
_xHistory
_yTo 1809
_xSources
_vBibliography
_vCatalogs.
651 0 _aColombia
_xHistory
_yTo 1810
_xSources
_vBibliography
_vCatalogs.
651 0 _aEcuador
_xHistory, Local
_xSources
_vBibliography
_vCatalogs.
651 0 _aColombia
_xHistory, Local
_xSources
_vBibliography
_vCatalogs.
610 2 0 _aArchivo General de Indias
_vCatalogs.
650 7 _aARCHIVO GENERAL DE INDIAS (ESPANA)
_xCATALOGOS.
_2renib
651 7 _aQUITO (ECUADOR)
_xHISTORIA
_xFUENTES
_xBIBLIOGRAFIAS.
_2renib
700 1 _aFernández Martínez, Montserrat.
700 1 _aRivera Garrido, Agueda.
710 1 _aQuito (Audiencia)
830 0 _aPublicaciones de la Escuela de Estudios Hispano-Americanos de la Universidad de Sevilla ;
_v360.
942 _2lcc
_cbk
946 _amjcruz
994 _aC0
_bDRFGD
999 _c105500
_d105500